000 00987nam a22002537a 4500
005 20170124103201.0
010 _aB-200753
020 _c225.00
_a8187182466
035 _aB-200753
037 _bCen Lib/Ret
040 _aDPL
_bHN
082 _a808.84
_bगुप्तत
100 _aगुप्त, तनसुखराम
_991879
245 _aनिबंध-सौरभ /
_cतनसुखराम गुप्त
246 _aNibandh-sarabh /
_bby Tansukhram Gupta
260 _aदिल्ली
_bसूर्य भारती प्रकाशन
_c2007
270 _a2596, नई सड़क
_bदिल्ली
_e110006
300 _a768पृ.
_c21सेमी (सजिल्द)
650 _aसाहित्य -- निबंध
_991880
650 _aहिन्दी निबंध
_991881
650 _aLiterature -- Essay
_978374
650 _aHindi essays
_991882
942 _2ddc
_cHN
_h808.84
_mगुप्तत
999 _c120670
_d120670